Missing Word: Red Hot Chili Peppers Quiz Stats

 Plays Quiz Updated Jul 24, 2018

Challenge
Share
Tweet
Embed
Score 0/26 Timer 05:00
3 Plays Today
Song Title Missing word % Correct
Scar ___Tissue
87.3%
____ the BridgeUnder
84%
___ it AwayGive
78%
If You ___ to AskHave
66%
____ CaliforniaDani
65.6%
True Men Don't ___ CoyotesKill
64%
Breaking the ___Girl
59.1%
The Zephyr ___Song
48.9%
Universally ___Speaking
44.5%
___ School Girls RuleCatholic
43.8%
Get On ___Top
42.4%
Throw Away Your ___Television
39.3%
Johnny, Kick a ___ in the SkyHole
38.1%
Song Title Missing word % Correct
___ Me Your SoulShow
36.4%
This ___ GloveVelvet
35.7%
Fight Like a ___Brave
35.1%
___ RemmusEmit
34.9%
Apache ___ PeacockRose
32.4%
Death of a ___Martian
31.6%
Sexy ___ MaidMexican
29.4%
Mellowship ___ in B MajorSlinky
29.1%
She ___ to MeLooks
28.3%
___ TapeWarm
27.4%
Get Up and ___Jump
25.5%
Pretty Little ___Ditty
25.4%
___ Be Thy GameShallow
25.1%

Today's Daily Dose

Missing Word
Hayao Miyazaki

Word Ladder
Florida

On This Day
December 13th II

You're not logged in!

Compare scores with friends on all Sporcle quizzes.
OR
Log In

You Might Also Like...

Show Comments

Extras

Top Quizzes Today


Score Distribution

Your Account Isn't Verified!

In order to create a playlist on Sporcle, you need to verify the email address you used during registration. Go to your Sporcle Settings to finish the process.

Report this User

Report this user for behavior that violates our Community Guidelines.

Details: